Longman diccionario pocket, inglés-español, español-inglés. Para estudiantes latinoamericanos

Uloženo v:
Podrobná bibliografie
Médium: Kniha
Jazyk:španělština
angličtina
Vydáno: Essex Pearson Education 2003
Vydání:1a. ed
Témata:
Tagy: Přidat tag
Žádné tagy, Buďte první, kdo vytvoří štítek k tomuto záznamu!

MARC

LEADER 00000cam a2200000 a 4500
001 UCF7492
003 CL-VaPUC
008 130627e20030000UK |||||||||||||||||spa|d
020 |a 0582511550 
041 0 7 |a spa  |2 CL-VaPUC 
041 0 7 |a eng  |2 CL-VaPUC 
082 0 4 |a 463.21  |b LON  |2 21 
245 1 0 |a Longman diccionario pocket, inglés-español, español-inglés. Para estudiantes latinoamericanos 
250 |a 1a. ed 
300 |a 842 p 
942 |c BK 
945 |d 20130627 00:00:00  |a cmena 
260 |a Essex  |b Pearson Education  |c 2003 
650 0 |a Diccionarios español-inglés  |9 266775 
650 0 |a Diccionarios inglés-español  |9 266774 
583 |a last modification  |c 20130627 13:18:00  |k Rodrigo Vera 
999 |c 352315  |d 352313